• 首页
  • 本馆介绍
  • 公告通知
  • 最新文献
  • 馆藏检索
  • 电子资源
  • 读者导购
  • 参考咨询
  • 我的图书馆
  • 登录
  • 详细信息显示
  • 放入我的书架
  • 预约/预借图书
  • 作者相关作品
  • 分类相关作品
  • 丛书相关作品
  • 出版社相关作品

书目信息

  • 表格格式
  • 工作单格式
  • 卡片格式
题名:
手绘典藏彩图本《本草纲目》
    
 
作者: 李时珍 著 ;宋敬东 主编
分册:  
出版信息: 天津   天津科学技术出版社  2013
页数: 423页
开本: 25cm
丛书名:
单 册:
中图分类: R281.3
科图分类:
主题词:
电子资源:
ISBN: 978-7-5308-8139-2
000 01056nam0 2200265 450
001 006803463
005 20140609160702.87
010    @a978-7-5308-8139-2@b精装@dCNY29.80
100    @a20130911d2013 em y0chiy0110 ea
101 0  @achi
102    @aCN@b120000
105    @aa z 000yy
106    @ar
200 1  @a手绘典藏彩图本《本草纲目》@9shou hui dian cang cai tu ben ben cao gang mu@f(明)李时珍著@g宋敬东主编
210    @a天津@c天津科学技术出版社@d2013
215    @a423页@d25cm
300    @a中国家庭必备工具书
330    @a本书详细诠释了《本草纲目》,分为草部、木部、土部、谷部、果部、金石部等部分,介绍了常用的400多种本草,讲解了每一种药材的来源、产地、性味归经、药性等,及切实有效的复方,并精心绘制了500余幅图片,生动、逼真地再现了400多种药材的植物形态,读者可按图索骥,准确辨识药材。
605    @a《本草纲目》@j普及读物
605    @a《本草纲目》
690    @aR281.3@v5
701  0 @c(明)@a李时珍@9li shi zhen@f(1518~1593)@4著
702  0 @a宋敬东@9song jing dong@4主编
801  0 @aCN@bNLC@c20131011
905    @b847195-97@dR281.3@e312@f3
    
    手绘典藏彩图本《本草纲目》/(明)李时珍著/宋敬东主编.-天津:天津科学技术出版社,2013
    423页;25cm
    中国家庭必备工具书
    
    ISBN 978-7-5308-8139-2(精装):CNY29.80
    本书详细诠释了《本草纲目》,分为草部、木部、土部、谷部、果部、金石部等部分,介绍了常用的400多种本草,讲解了每一种药材的来源、产地、性味归经、药性等,及切实有效的复方,并精心绘制了500余幅图片,生动、逼真地再现了400多种药材的植物形态,读者可按图索骥,准确辨识药材。
●
相关链接 在E读中查询图书 在五车中查询图书 在当当中查询图书 在豆瓣中查询图书


正题名:手绘典藏彩图本《本草纲目》     索取号:R281.3/312         预约/预借

序号 登录号 条形码 馆藏地/架位号 状态 备注
1 847195   208471955   第二样本阅览室/ [索取号:R281.3/312] 在馆    
2 847196   208471964   密集书库-生命科学系/ [索取号:R281.3/312] 在馆    
3 847197   208471973   第三借阅区/ [索取号:R281.3/312] 在馆    
唐山师范学院图书馆 欢迎您!
大连网信软件有限公司© 版权所有